Normal view
MARC view
- Financial institutions
Entry Topical Term
001 - CONTROL NUMBER
- control field: 82321
003 - CONTROL NUMBER IDENTIFIER
- control field: NUST
005 - DATE AND TIME OF LATEST TRANSACTION
- control field: 20210909113402.0
008 - FIXED-LENGTH DATA ELEMENTS
- fixed length control field: 210909|| aca||aabn | a|a d
040 ## - CATALOGING SOURCE
- Original cataloging agency: NUST
- Transcribing agency: NUST
150 ## - HEADING--TOPICAL TERM
- Topical term or geographic name entry element: Financial institutions
670 ## - SOURCE DATA FOUND
- Source citation: Work cat.: (NUST)33570: Fabozzi, Frank J. 30146, Foundations of financial markets and institutions /, c2013.
